Sikshadanar paddhati, kausal aru bharatiya sikshar nava parikrama (Record no. 7469)
[ view plain ]
| 000 -LEADER | |
|---|---|
| fixed length control field | 00597cam a2200217ua 4500 |
| 001 - CONTROL NUMBER | |
| control field | 8364 |
| 005 - DATE AND TIME OF LATEST TRANSACTION | |
| control field | 20260515114327.0 |
| 008 - FIXED-LENGTH DATA ELEMENTS--GENERAL INFORMATION | |
| fixed length control field | 150129n ii |||gr||||Z||||||asm |
| 020 ## - INTERNATIONAL STANDARD BOOK NUMBER | |
| International Standard Book Number | 8173391084 |
| 040 ## - CATALOGING SOURCE | |
| Transcribing agency | MAIN |
| 041 ## - LANGUAGE CODE | |
| Language code of text/sound track or separate title | asm |
| 082 ## - DEWEY DECIMAL CLASSIFICATION NUMBER | |
| Classification number | 371.3954 |
| 100 ## - MAIN ENTRY--PERSONAL NAME | |
| Personal name | Goswami, R. K., |
| Relator term | Author. |
| 245 1# - TITLE STATEMENT | |
| Title | Sikshadanar paddhati, kausal aru bharatiya sikshar nava parikrama |
| Statement of responsibility, etc. | By Rajani Kanta Goswami |
| 250 ## - EDITION STATEMENT | |
| Edition statement | 1st. |
| 260 ## - PUBLICATION, DISTRIBUTION, ETC. | |
| Place of publication, distribution, etc. | Dibrugarh: |
| Name of publisher, distributor, etc. | Banalata, |
| Date of publication, distribution, etc. | 2009. |
| 300 ## - PHYSICAL DESCRIPTION | |
| Extent | 318p. |
| 653 ## - INDEX TERM--UNCONTROLLED | |
| Uncontrolled term | Schools & their activities special education |
| 653 ## - INDEX TERM--UNCONTROLLED | |
| Uncontrolled term | Educational technique |
| 942 ## - ADDED ENTRY ELEMENTS (KOHA) | |
| Koha item type | Books |
| Withdrawn status | Lost status | Damaged status | Not for loan | Home library | Current library | Shelving location | Date acquired | Total checkouts | Full call number | Barcode | Date last seen | Date last checked out | Copy number | Price effective from | Koha item type |
|---|---|---|---|---|---|---|---|---|---|---|---|---|---|---|---|
| Naharkatiya College Library | Naharkatiya College Library | General stacks | 09/19/2020 | 5 | 371.3954 | GOS | 20661 | 12/01/2025 | 08/12/2025 | 1 | 09/19/2020 | Books |